000 00958cam a2200181 4500
001 WB3908-19
008 030226n2003 000 0 eng u
035 _a(Sirsi) u121442
245 _aInward investors get London opportunites
260 _c2003
490 _aLondon First Centre News Release
_v 26 February 2003 (2)
520 _aLondon First Centre has published "Locating in London" which highlights that falling rents, shorter lease terms and increased availability of office accomodation is providing foreign-owned companies with good conditions for setting up or expanding their operations in London. Copies of "Locating in London " are available to download from http://www.lfc.co.uk/business_briefings/bb_1857.pdf or t +44 (0)20 7665 1503 http://www.lfc.co.uk/press_centre/newsreleasedetail.asp?L2=40&NewsReleaseId=1861&print=1
590 _aWB
650 _aLONDON
650 _aPROPERTY INVESTMENT
690 _aINVESTMENT
942 _n0
999 _c72165
_d72165